| 000 | 00754nam a2200217 i 4500 | ||
|---|---|---|---|
| 001 | 187252 | ||
| 003 | SpMaBN | ||
| 005 | 20250702063130.0 | ||
| 008 | 170519s1985 ck |||| | spa d | ||
| 080 | _a821.134.2(861)-14"19" | ||
| 100 | 1 |
_aQuessep, Giovanni, _d1939- _9162748 |
|
| 245 | 1 | 0 |
_aMuerte de Merlín / _cGiovanni Quessep ; prólogo de Fernando Charry Lara. |
| 260 |
_aBogotá : _bInstituto Caro y Cuervo, _c1985. |
||
| 300 |
_a116 p. ; _c20 cm. |
||
| 490 | 1 |
_aLa granada entreabierta ; _v40 |
|
| 700 | 1 |
_aCharry Lara, Fernando. _938136 |
|
| 710 | 2 |
_aInstituto Caro y Cuervo. _94806 |
|
| 830 | 0 |
_aLa granada entreabierta ; _v40 _9192760 |
|
| 852 |
_aES-MaACL _jL-31604 _z. - Donat. Viuda Antonio Tovar |
||
| 999 |
_c187252 _d187252 |
||